Varnsdorf. 3653 /
| Corporate Author: | Vojenský zeměpisný ústav (1945-1951) |
|---|---|
| Other Authors: | Rakousko-Uhersko. Militärgeographisches Institut |
| Language: | German Czech |
| Published: |
Praha : Vojenský zeměpisný ústav, 1924 |
| Series: |
Třetí vojenské mapování 1:75 000 ;
3653, 1924 Speciální mapa Československé republiky v měřítku 1:75 000 ; 3653, 1924 |
| Online Access: |
Digitalizovaný dokument
|
| Physical Description: |
1 mapa : černobílá ; 37 x 47 cm, na listu 46 x 58 cm |
| LEADER | 02541nem a2200553 i 4500 | ||
|---|---|---|---|
| 001 | 001522055 | ||
| 003 | CZ BrMZK | ||
| 005 | 20161101155535.0 | ||
| 007 | aj|aanzn | ||
| 008 | 160421s1924 xr a 0| cze d | ||
| 034 | 1 | |a a |b 75000 |d E0142000 |e E0145000 |f N0510000 |g N0504500 | |
| 040 | |a BOA001 |b cze |e rda | ||
| 041 | 0 | |a cze |a ger | |
| 043 | |a e-xr--- |b e-xr-us |a e-gx--- | ||
| 072 | 7 | |a 623 |x Vojenská technika |2 Konspekt |9 19 | |
| 072 | 7 | |a 912 |x Mapy. Atlasy. Glóby |2 Konspekt |9 7 | |
| 080 | |a 623.64 |2 MRF | ||
| 080 | |a 913(437.315) |2 MRF | ||
| 080 | |a (084.3)528.42 |2 MRF | ||
| 080 | |a (084.3)355/359 |2 MRF | ||
| 110 | 2 | |a Vojenský zeměpisný ústav (1945-1951) |7 ko2005263855 |4 ctg |4 pbl | |
| 245 | 1 | 0 | |a Varnsdorf. |p 3653 / |c [Militärgeographisches Institut] ; Vojenský zeměpisný ústav |
| 246 | 3 | |a 36°53° | |
| 246 | 3 | 0 | |a 3653 |
| 255 | |a Měřítko 1:75 000 |c (E 14°20'00"--E 14°50'00"/N 51°00'00"--N 50°45'00") | ||
| 264 | 1 | |a Praha : |b Vojenský zeměpisný ústav, |c 1924 | |
| 300 | |a 1 mapa : |b černobílá ; |c 37 x 47 cm, na listu 46 x 58 cm | ||
| 336 | |a kartografický obraz |b cri |2 rdacontent | ||
| 337 | |a bez média |b n |2 rdamedia | ||
| 338 | |a list |b nb |2 rdacarrier | ||
| 490 | 1 | |a [Die Franzisco-Josephinische Landesaufnahme 1:75 000] ; |v 3653, 1924 | |
| 490 | 1 | |a [Speciální mapa Československé republiky v měřítku 1:75 000] ; |v 3653, 1924 | |
| 500 | |a Jednobarevný otisk | ||
| 500 | |a Další údaje o vydání: Částečně opraveno do 19. III. 1917 ; 4. VIII. 1924 | ||
| 562 | |a Razítko: Důvěrné |5 CZ-BrMZK | ||
| 562 | |a Razítko: Povinný výtisk. Č.j. 2996/25 |5 CZ-BrMZK | ||
| 650 | 7 | |a vojenská topografie |7 ph316247 |2 czenas | |
| 651 | 7 | |a Varnsdorf (Česko : oblast) |7 ge202249 |2 czenas | |
| 655 | 7 | |a topografické mapy |7 fd809173 |2 czenas | |
| 655 | 7 | |a vojenské mapy |7 fd133817 |2 czenas | |
| 787 | 0 | 8 | |t Přehled kladu listů speciální mapy Československé republiky v měřítku 1:75 000 |w 1481111 |
| 710 | 1 | |a Rakousko-Uhersko. |b Militärgeographisches Institut |7 kn20060405003 |4 ant | |
| 830 | 0 | |a Třetí vojenské mapování 1:75 000 ; |v 3653, 1924 | |
| 830 | 0 | |a Speciální mapa Československé republiky v měřítku 1:75 000 ; |v 3653, 1924 | |
| 856 | 4 | 1 | |u http://www.digitalniknihovna.cz/mzk/uuid/uuid:68dba9ab-7b76-4722-acce-64345df5c687 |y Digitalizovaný dokument |
| 910 | |a BOA001 |b Mpa-0174.951,3653-24 | ||
| 990 | |a MP | ||
| 991 | |b 201604 | ||
| 994 | |a PAR |l MZK01 |b 001481111 |m 3653 Varnsdorf. 1924 |n Přehled kladu listů speciální mapy Československé republiky v měřítku 1:75 000 | ||
English
Čeština 